[Event "ESP-chT CECLUB Div1"]
[Site "Linares"]
[Date "2021.09.14"]
[Round "7.3"]
[White "Socko, Bartosz"]
[Black "Reinaldo Castineira, Roi"]
[Result "1-0"]
[WhiteElo "2617"]
[BlackElo "2489"]
[PlyCount "51"]
[EventDate "2021.09.08"]
[EventType "team-tourn"]
[EventRounds "7"]
[EventCountry "ESP"]
[SourceTitle "CBM 204 Extra"]
[Source "ChessBase"]
[SourceDate "2021.11.30"]
[SourceVersion "1"]
[SourceVersionDate "2021.11.30"]
[SourceQuality "1"]
[WhiteTeam "Solvay"]
[BlackTeam "Sanxenxo Fontecarmoa"]
[WhiteTeamCountry "ESP"]
[BlackTeamCountry "ESP"]

1. d4 e6 2. c4 Nf6 3. Nf3 a6 4. g3 b5 5. Nbd2 bxc4 6. Nxc4 Be7 7. Bg2 d5 8. Nce5 0-0 9. 0-0 c5 10. Be3 Ne4 11. dxc5 Bxc5 12. Bxc5 Nxc5 13. Rc1 Ncd7 14. Qd4 Bb7 15. Rc3 f6 16. Qb4 Nxe5 17. Qxb7 Nbd7 18. Nd4 Qe7 19. Nxe6 Rab8 20. Qxd5 Nb6 21. Qb3 Nbc4 22. Qd1 Nxb2 23. Qd5 Rb5 24. Nxf8+ Rxd5 25. Bxd5+ Nf7 26. Rc8 1-0

[Event "ESP-chT CECLUB Div1"]
[Site "Linares"]
[Date "2021.09.12"]
[Round "5.2"]
[White "Reinaldo Castineira, Roi"]
[Black "Libiszewski, Fabien"]
[Result "1-0"]
[WhiteElo "2489"]
[BlackElo "2522"]
[PlyCount "51"]
[EventDate "2021.09.08"]
[EventType "team-tourn"]
[EventRounds "7"]
[EventCountry "ESP"]
[SourceTitle "CBM 204 Extra"]
[Source "ChessBase"]
[SourceDate "2021.11.30"]
[SourceVersion "1"]
[SourceVersionDate "2021.11.30"]
[SourceQuality "1"]
[WhiteTeam "Sanxenxo Fontecarmoa"]
[BlackTeam "Santa Lucia Grandama"]
[WhiteTeamCountry "ESP"]
[BlackTeamCountry "ESP"]

1. d4 Nf6 2. c4 g6 3. Nc3 Bg7 4. e4 d6 5. h3 Nbd7 6. Be3 e5 7. d5 Nc5 8. Qc2 0-0 9. g4 c6 10. Nge2 a5 11. Ng3 Bd7 12. g5 Ne8 13. h4 Nc7 14. h5 cxd5 15. cxd5 b5 16. f3 b4 17. Nd1 Nb5 18. Qh2 Nd4 19. Kf2 Nc2 20. hxg6 fxg6 21. Qxh7+ Kf7 22. Rh6 Nxe4+ 23. Kg1 Nxg3 24. Qxg6+ Ke7 25. Qxg7+ Rf7 26. Qxe5+ 1-0

[Event "ESP-chT CECLUB Div1"]
[Site "Linares"]
[Date "2020.10.09"]
[Round "7.2"]
[White "Glavina, Pablo"]
[Black "Reinaldo Castineira, Roi"]
[Result "0-1"]
[WhiteElo "2412"]
[BlackElo "2469"]
[PlyCount "68"]
[EventDate "2020.10.03"]
[EventType "team-tourn"]
[EventRounds "7"]
[EventCountry "ESP"]
[SourceTitle "CBM 198 Extra"]
[Source "ChessBase"]
[SourceDate "2020.11.30"]
[SourceVersion "1"]
[SourceVersionDate "2020.11.30"]
[SourceQuality "1"]
[WhiteTeam "Stadium Casablanca"]
[BlackTeam "Sanxenxo Fontecarmoa"]
[WhiteTeamCountry "ESP"]
[BlackTeamCountry "ESP"]

1. Nf3 Nf6 2. g3 e6 3. Bg2 d5 4. c4 Nbd7 5. 0-0 dxc4 6. Qa4 a6 7. Qxc4 b5 8. Qc2 Bb7 9. a4 c5 10. d3 Be7 11. Nc3 b4 12. Nd1 a5 13. e4 c4 14. Re1 cxd3 15. Qxd3 Nc5 16. Qxd8+ Rxd8 17. e5 Nfd7 18. Bf4 Nb3 19. Rb1 Ndc5 20. Ng5 Bxg2 21. Kxg2 Nxa4 22. Ne4 Nac5 23. Nxc5 Bxc5 24. Ne3 0-0 25. Re2 h6 26. h4 Rd2 27. Rxd2 Nxd2 28. Rd1 Bxe3 29. Bxe3 Nc4 30. Ra1 Rd8 31. Bf4 Rd5 32. b3 Nxe5 33. Rc1 Nd3 34. Rc8+ Kh7 0-1

[Event "ESP-chT CECLUB Div1"]
[Site "Linares"]
[Date "2020.10.03"]
[Round "1.4"]
[White "Hernando Rodrigo, Julio Antonio"]
[Black "Reinaldo Castineira, Roi"]
[Result "0-1"]
[WhiteElo "2266"]
[BlackElo "2469"]
[PlyCount "106"]
[EventDate "2020.10.03"]
[EventType "team-tourn"]
[EventRounds "7"]
[EventCountry "ESP"]
[SourceTitle "CBM 198 Extra"]
[Source "ChessBase"]
[SourceDate "2020.11.30"]
[SourceVersion "1"]
[SourceVersionDate "2020.11.30"]
[SourceQuality "1"]
[WhiteTeam "Santa Lucia Grandama"]
[BlackTeam "Sanxenxo Fontecarmoa"]
[WhiteTeamCountry "ESP"]
[BlackTeamCountry "ESP"]

1. d4 e6 2. e4 d5 3. e5 c5 4. c3 Nc6 5. Nf3 Bd7 6. a3 f6 7. Bd3 fxe5 8. dxe5 Qc7 9. 0-0 0-0-0 10. Qe2 c4 11. Bc2 Bc5 12. b3 cxb3 13. Bxb3 Na5 14. Bc2 Ne7 15. a4 Kb8 16. Na3 a6 17. Bd2 Rc8 18. Rfb1 Ka8 19. Bd3 Rhf8 20. Kh1 Nf5 21. Be1 h6 22. Qb2 Bxa3 23. Qxa3 Nc4 24. Qb4 Bc6 25. Nd4 Nxd4 26. cxd4 g5 27. Ra2 Rf4 28. f3 g4 29. Bg3 Rxd4 30. Qc3 Rxd3 31. Qxd3 gxf3 32. Qxf3 Qh7 33. Re1 d4 34. Qf4 d3 35. Kg1 d2 36. Rxd2 Nxd2 37. Qxd2 Qg6 38. Rc1 h5 39. Qc2 Qg5 40. Re1 h4 41. Qc1 Qxc1 42. Rxc1 hxg3 43. hxg3 Rg8 44. Kf2 Bxa4 45. Rc4 Bc6 46. g4 Bd5 47. Rd4 b5 48. Kg3 a5 49. Kh4 Kb7 50. g5 b4 51. Kh5 b3 52. Kh6 b2 53. Rd1 Be4 0-1

[Event "POR-chT"]
[Site "Penafiel"]
[Date "2020.08.25"]
[Round "5.5"]
[White "Polaczek, Richard"]
[Black "Reinaldo Castineira, Roi"]
[Result "1/2-1/2"]
[WhiteElo "2363"]
[BlackElo "2469"]
[PlyCount "63"]
[EventDate "2020.08.22"]
[EventType "team-tourn"]
[EventRounds "9"]
[EventCountry "POR"]
[SourceTitle "CBM 198 Extra"]
[Source "ChessBase"]
[SourceDate "2020.11.30"]
[SourceVersion "1"]
[SourceVersionDate "2020.11.30"]
[SourceQuality "1"]
[WhiteTeam "Montemor o Velho"]
[BlackTeam "Gaia"]
[WhiteTeamCountry "POR"]
[BlackTeamCountry "POR"]

1. Nf3 d5 2. d4 Nf6 3. c4 e6 4. Nc3 dxc4 5. e3 a6 6. Bxc4 b5 7. Bb3 Bb7 8. 0-0 Nbd7 9. a4 b4 10. Nb1 c5 11. a5 Qc7 12. Nbd2 Be7 13. Re1 0-0 14. Nc4 Rfd8 15. Qe2 Rac8 16. Bd2 Bd5 17. Rec1 Qb7 18. Bd1 Rc7 19. Qf1 Rdc8 20. Be2 cxd4 21. exd4 Ne4 22. Bf4 Rc6 23. Be3 Nc3 24. bxc3 Bxc4 25. cxb4 Bxe2 26. Qxe2 Qxb4 27. Rcb1 Qd6 28. Rb7 Bd8 29. Bd2 Rc4 30. Rab1 Qd5 31. h3 Nf6 32. Ra7 1/2-1/2

[Event "ESP-ch rapid"]
[Site "Linares"]
[Date "2019.08.24"]
[Round "5"]
[White "Fernandez Garcia, Jose Miguel"]
[Black "Reinaldo Castineira, Roi"]
[Result "0-1"]
[WhiteElo "2390"]
[BlackElo "2467"]
[PlyCount "108"]
[EventDate "2019.08.24"]
[EventType "swiss (rapid)"]
[EventRounds "9"]
[EventCountry "ESP"]
[SourceTitle "EXT 2020"]
[Source "ChessBase"]
[SourceDate "2019.10.17"]
[SourceVersion "1"]
[SourceVersionDate "2019.10.17"]
[SourceQuality "1"]

1. Nf3 d5 2. b3 Nf6 3. Bb2 g6 4. e3 Bg7 5. c4 c6 6. Be2 0-0 7. 0-0 Nbd7 8. Qc2 Re8 9. Nc3 dxc4 10. bxc4 e5 11. d4 exd4 12. exd4 Nb6 13. Rad1 Bf5 14. Qb3 Qc7 15. d5 Rad8 16. Rfe1 cxd5 17. cxd5 Ne4 18. Nb5 Qc5 19. Ba3 Qxf2+ 20. Kh1 Ng3+ 21. hxg3 Rxe2 22. Rxe2 Qxe2 23. Rd2 Qc4 24. Nd6 Qxb3 25. axb3 Bf8 26. Nxb7 Rxd5 27. Rxd5 Nxd5 28. Bxf8 Kxf8 29. Nd6 Be6 30. Nb5 a6 31. Nbd4 Ke7 32. Kg1 Kd6 33. Ng5 Kc5 34. Ndxe6+ fxe6 35. Nxe6+ Kb4 36. Kf2 a5 37. Nd4 Ne7 38. g4 Kc3 39. Ke3 Nd5+ 40. Ke4 Nf6+ 41. Ke3 Nxg4+ 42. Ke4 Nf6+ 43. Ke3 Nd5+ 44. Ke4 Ne7 45. g4 h5 46. gxh5 gxh5 47. Ke3 h4 48. Nb5+ Kxb3 49. Nd4+ Kc4 50. Nc2 a4 51. Kf4 Nc6 52. Kg4 Kb3 53. Ne1 Ne5+ 54. Kxh4 a3 0-1

[Event "ESP-ch rapid"]
[Site "Linares"]
[Date "2019.08.24"]
[Round "8"]
[White "Reinaldo Castineira, Roi"]
[Black "Camacho Collados, Marcos"]
[Result "1-0"]
[WhiteElo "2467"]
[BlackElo "2401"]
[PlyCount "64"]
[EventDate "2019.08.24"]
[EventType "swiss (rapid)"]
[EventRounds "9"]
[EventCountry "ESP"]
[SourceTitle "EXT 2020"]
[Source "ChessBase"]
[SourceDate "2019.10.17"]
[SourceVersion "1"]
[SourceVersionDate "2019.10.17"]
[SourceQuality "1"]

1. e4 e5 2. Nf3 Nc6 3. Bc4 Bc5 4. c3 Nf6 5. d4 exd4 6. e5 d5 7. Bb5 Ne4 8. cxd4 Bb6 9. Nc3 0-0 10. Be3 Bg4 11. h3 Bh5 12. Qc2 Bg6 13. Qb3 Ne7 14. 0-0 c6 15. Bd3 Nd2 16. Bxd2 Bxd3 17. Rfe1 Bf5 18. Ne2 h6 19. Ng3 Be6 20. Nh5 Nf5 21. g4 Nxd4 22. Nxd4 Bxd4 23. Qd3 Qb6 24. Bxh6 Bxf2+ 25. Kh1 g6 26. Nf6+ Kh8 27. Re2 Bh4 28. Qf3 d4 29. Qf4 d3 30. Rg2 Rfd8 31. Bf8 g5 32. Qe4 Bf2 1-0

[Event "ESP-ch rapid"]
[Site "Linares"]
[Date "2019.08.24"]
[Round "4"]
[White "Reinaldo Castineira, Roi"]
[Black "Henderson de la Fuente, Lance"]
[Result "1/2-1/2"]
[WhiteElo "2467"]
[BlackElo "2487"]
[PlyCount "80"]
[EventDate "2019.08.24"]
[EventType "swiss (rapid)"]
[EventRounds "9"]
[EventCountry "ESP"]
[SourceTitle "EXT 2020"]
[Source "ChessBase"]
[SourceDate "2019.10.17"]
[SourceVersion "1"]
[SourceVersionDate "2019.10.17"]
[SourceQuality "1"]

1. e4 c5 2. Nc3 e6 3. Bc4 Nc6 4. a3 Nf6 5. Ba2 d5 6. d3 dxe4 7. Nxe4 Be7 8. Nf3 0-0 9. 0-0 b6 10. c3 Ba6 11. Nxf6+ Bxf6 12. Bb1 Qd6 13. Qa4 Bb7 14. Bf4 Qd5 15. Bc2 Rad8 16. Rfe1 Rfe8 17. Rad1 Qh5 18. Bg3 a6 19. h3 b5 20. Qg4 Qxg4 21. hxg4 h6 22. Bf4 b4 23. axb4 cxb4 24. d4 Rc8 25. c4 Red8 26. Be3 b3 27. Be4 Na5 28. Bxb7 Nxb7 29. c5 Na5 30. Ra1 Nc6 31. Rxa6 Nxd4 32. Nxd4 Bxd4 33. Rb6 Rxc5 34. Rxb3 Bxe3 35. Rbxe3 Rb5 36. b3 Rd2 37. Rc1 Rb2 38. Rc8+ Kh7 39. Rc7 R2xb3 40. Rxb3 Rxb3 1/2-1/2

[Event "ESP-chT CECLUB Div2"]
[Site "Linares"]
[Date "2019.08.19"]
[Round "1.6"]
[White "Reinaldo Castineira, Roi"]
[Black "Accattato Martin, Mario"]
[Result "1-0"]
[WhiteElo "2467"]
[BlackElo "2234"]
[PlyCount "55"]
[EventDate "2019.08.19"]
[EventType "team-swiss"]
[EventRounds "7"]
[EventCountry "ESP"]
[SourceTitle "EXT 2020"]
[Source "ChessBase"]
[SourceDate "2019.10.17"]
[SourceVersion "1"]
[SourceVersionDate "2019.10.17"]
[SourceQuality "1"]
[WhiteTeam "Interrias Sanx Fontecarmoa"]
[BlackTeam "Monzon"]
[WhiteTeamCountry "ESP"]
[BlackTeamCountry "ESP"]

1. d4 d5 2. c4 c6 3. cxd5 cxd5 4. Nc3 Nc6 5. e4 e6 6. e5 Qb6 7. Nf3 Bd7 8. Be2 Be7 9. 0-0 h5 10. a3 g5 11. Na4 Qd8 12. Be3 Nh6 13. Rc1 b6 14. Ne1 h4 15. Nc3 Nf5 16. Bg4 0-0 17. Bxf5 exf5 18. Nxd5 f4 19. Qh5 Be8 20. Nxe7+ Qxe7 21. Bd2 f6 22. Qf3 fxe5 23. Rxc6 e4 24. Qb3+ Kh7 25. Re6 Qf7 26. Bb4 Ba4 27. Qd5 Rae8 28. Qxe4+ 1-0

[Event "Compostela Masters 1st"]
[Site "Santiago de Compostela"]
[Date "2018.09.12"]
[Round "8"]
[White "Reinaldo Castineira, Roi"]
[Black "Sanchez Aller, Fernando"]
[Result "1/2-1/2"]
[WhiteElo "2493"]
[BlackElo "2344"]
[PlyCount "102"]
[EventDate "2018.09.05"]
[EventType "tourn"]
[EventRounds "9"]
[EventCountry "ESP"]
[EventCategory "9"]
[SourceTitle "CBM 186 Extra"]
[Source "ChessBase"]
[SourceDate "2018.08.24"]
[SourceVersion "1"]
[SourceVersionDate "2018.08.24"]
[SourceQuality "1"]

1. d4 Nf6 2. Nf3 g6 3. Nc3 d5 4. Bf4 Bg7 5. e3 0-0 6. Be2 c6 7. 0-0 Bg4 8. h3 Bxf3 9. Bxf3 Nbd7 10. a4 Re8 11. a5 e5 12. dxe5 Nxe5 13. Be2 b5 14. a6 Nfd7 15. Ra2 Nb6 16. b3 Ned7 17. Nb1 Nc5 18. Qe1 d4 19. Bf3 Nd5 20. Bxd5 Qxd5 21. Qd2 Rad8 22. exd4 Bxd4 23. c3 Nxb3 24. Qc2 Bb6 25. Na3 Na5 26. c4 bxc4 27. Qc3 Bd4 28. Qb4 c3 29. Qb1 Qe4 30. Qxe4 Rxe4 31. Bc7 Rd5 32. Nc2 Nb3 33. Rb1 Nd2 34. Rb8+ Kg7 35. Ba5 Be5 36. Rb7 Rb5 37. f3 Re2 38. Rxb5 cxb5 39. Bb6 b4 40. Nxb4 axb6 41. a7 Bd4+ 42. Kh2 Nf1+ 43. Kh1 Re1 44. a8Q Ng3+ 45. Kh2 Nf1+ 46. Kh1 Ng3+ 47. Kh2 Nf1+ 48. Kh1 Ng3+ 49. Kh2 Nf1+ 50. Kh1 Ng3+ 51. Kh2 Nf1+ 1/2-1/2

[Event "Compostela Masters 1st"]
[Site "Santiago de Compostela"]
[Date "2018.09.11"]
[Round "7"]
[White "Reinaldo Castineira, Roi"]
[Black "Starostits, Ilmars"]
[Result "0-1"]
[WhiteElo "2493"]
[BlackElo "2449"]
[PlyCount "48"]
[EventDate "2018.09.05"]
[EventType "tourn"]
[EventRounds "9"]
[EventCountry "ESP"]
[EventCategory "9"]
[SourceTitle "CBM 186 Extra"]
[Source "ChessBase"]
[SourceDate "2018.08.24"]
[SourceVersion "1"]
[SourceVersionDate "2018.08.24"]
[SourceQuality "1"]

1. c4 e5 2. Nc3 Nc6 3. Nf3 Nf6 4. e3 Be7 5. d4 exd4 6. Nxd4 0-0 7. Be2 Bb4 8. 0-0 Bxc3 9. bxc3 Re8 10. f3 d6 11. e4 Ne5 12. Qc2 c5 13. Nf5 Bxf5 14. exf5 d5 15. cxd5 c4 16. Rd1 Nxd5 17. Rd4 Qa5 18. Bd2 Qc5 19. Kh1 b5 20. Rd1 Nb4 21. Qb1 Ned3 22. Bxd3 Nxd3 23. Be1 Re2 24. Re4 Rxe1+ 0-1

[Event "Compostela Masters 1st"]
[Site "Santiago de Compostela"]
[Date "2018.09.08"]
[Round "4"]
[White "Mareco, Sandro"]
[Black "Reinaldo Castineira, Roi"]
[Result "1-0"]
[WhiteElo "2649"]
[BlackElo "2493"]
[PlyCount "103"]
[EventDate "2018.09.05"]
[EventType "tourn"]
[EventRounds "9"]
[EventCountry "ESP"]
[EventCategory "9"]
[SourceTitle "CBM 186 Extra"]
[Source "ChessBase"]
[SourceDate "2018.08.24"]
[SourceVersion "1"]
[SourceVersionDate "2018.08.24"]
[SourceQuality "1"]

1. c4 Nf6 2. Nf3 e6 3. g3 d5 4. Bg2 d4 5. 0-0 c5 6. e3 Nc6 7. exd4 cxd4 8. d3 Bd6 9. Bg5 h6 10. Bxf6 Qxf6 11. Nbd2 Qd8 12. a3 a5 13. Rc1 0-0 14. c5 Bc7 15. Qa4 Ra7 16. Rfe1 e5 17. Nc4 Re8 18. Nfd2 Bd7 19. Ne4 Ne7 20. Qc2 Nc8 21. b4 axb4 22. axb4 b5 23. cxb6 Nxb6 24. Nc5 Bb5 25. Qb3 Na4 26. Ra1 Nxc5 27. bxc5 Rxa1 28. Rxa1 Bd7 29. Nb6 Be6 30. Qb5 f5 31. Ra8 Bb8 32. Bc6 Rf8 33. Bd7 Bf7 34. Bxf5 Be8 35. Qb3+ Kh8 36. Be4 Qf6 37. Qb2 Bc6 38. Nd7 Bxd7 39. Rxb8 Bc8 40. h4 g5 41. Rb6 Be6 42. hxg5 hxg5 43. Bd5 Re8 44. Bxe6 Rxe6 45. Qb3 Rc6 46. Rb8+ Kg7 47. Qg8+ Kh6 48. Rb7 Kh5 49. Qh7+ Qh6 50. Qe4 Rg6 51. g4+ Kh4 52. Qg2 1-0

[Event "Villa de Gijon op 4th"]
[Site "Gijon"]
[Date "2018.07.28"]
[Round "8"]
[White "Reinaldo Castineira, Roi"]
[Black "Jimenez Almeida, Luis David"]
[Result "0-1"]
[WhiteElo "2503"]
[BlackElo "2223"]
[PlyCount "118"]
[EventDate "2018.07.23"]
[EventType "swiss"]
[EventRounds "9"]
[EventCountry "ESP"]
[SourceTitle "CBM 185 Extra"]
[Source "ChessBase"]
[SourceDate "2018.07.29"]
[SourceVersion "1"]
[SourceVersionDate "2018.07.29"]
[SourceQuality "1"]

1. e4 d5 2. exd5 Qxd5 3. Nc3 Qd6 4. Bc4 Nf6 5. d3 a6 6. a4 Nc6 7. Nge2 e5 8. 0-0 Bg4 9. h3 Bh5 10. Qe1 0-0-0 11. Ng3 Bg6 12. Bg5 Nd4 13. Qd1 Qc6 14. Re1 Kb8 15. Rxe5 Bd6 16. Re3 Nxc2 17. Qxc2 Qxc4 18. Nge4 Bxe4 19. dxe4 Be5 20. Bxf6 Bxf6 21. e5 Be7 22. Re4 Rd4 23. Rxd4 Qxd4 24. Qf5 g6 25. Qxf7 Qxe5 26. Rd1 Bd6 27. g3 Bc5 28. Qf4 Qxf4 29. gxf4 Rf8 30. Ne2 Bd6 31. Rd4 Rf5 32. Kg2 b5 33. b3 Kb7 34. Kf3 Rh5 35. Ng3 Rxh3 36. Kg4 Rh2 37. Ne4 Kc6 38. axb5+ axb5 39. f5 h5+ 40. Kg5 Be5 41. Rd3 Rg2+ 42. Ng3 gxf5 43. Kxf5 Bxg3 44. fxg3 Rc2 45. Ke4 b4 46. Rd4 Kb5 47. Rd5+ Rc5 48. Rd8 Rc3 49. Rb8+ Kc5 50. Rh8 Rxg3 51. Rxh5+ Kb6 52. Kd5 c5 53. Rh8 Rd3+ 54. Ke4 Rxb3 55. Kd5 Rd3+ 56. Kc4 Rc3+ 57. Kd5 Kb5 58. Ra8 Rd3+ 59. Ke4 Rd4+ 0-1

[Event "Villa de Gijon op 4th"]
[Site "Gijon"]
[Date "2018.07.25"]
[Round "4"]
[White "Reinaldo Castineira, Roi"]
[Black "Ardelean, George Catalin"]
[Result "1/2-1/2"]
[WhiteElo "2503"]
[BlackElo "2475"]
[PlyCount "262"]
[EventDate "2018.07.23"]
[EventType "swiss"]
[EventRounds "9"]
[EventCountry "ESP"]
[SourceTitle "CBM 185 Extra"]
[Source "ChessBase"]
[SourceDate "2018.07.29"]
[SourceVersion "1"]
[SourceVersionDate "2018.07.29"]
[SourceQuality "1"]

1. e4 c5 2. Nf3 e6 3. d4 cxd4 4. Nxd4 a6 5. c4 Nf6 6. Nc3 Qc7 7. Be2 b6 8. Be3 Bb7 9. f3 Be7 10. 0-0 0-0 11. Qd2 d6 12. Rfc1 Rc8 13. Bf1 Nbd7 14. b4 Qd8 15. Rab1 Ne5 16. Na4 Rab8 17. Nb3 Nfd7 18. Nb2 Ra8 19. a3 h6 20. h3 g5 21. Qf2 Bc6 22. Nd4 Bb7 23. Nb3 Bc6 24. Nd4 Bb7 25. Na4 Rab8 26. Nb3 Ba8 27. c5 dxc5 28. bxc5 bxc5 29. Bxa6 c4 30. Bxc8 Nd3 31. Qf1 Nxc1 32. Bxd7 Qxd7 33. Nbc5 Rxb1 34. Nxd7 Ne2+ 35. Kf2 Rxf1+ 36. Kxf1 Nf4 37. Nab6 Bxa3 38. Nxa8 c3 39. Nab6 c2 40. Nc4 c1Q+ 41. Bxc1 Bxc1 42. g3 Nd3 43. Ke2 Nb2 44. Ncb6 f5 45. Nc5 f4 46. gxf4 Bxf4 47. Nxe6 Be5 48. Nc5 Kf7 49. Nd3 Nxd3 50. Kxd3 Kg6 51. Nc4 Bf4 52. Ne3 h5 53. Kd4 Bh2 54. e5 Bg1 55. Ke4 Bh2 56. Nd5 Bg3 57. e6 Be1 58. Ke5 Bg3+ 59. Kd4 Bd6 60. Ke4 Bg3 61. e7 Kf7 62. Kf5 Bh4 63. Nf6 Kxe7 64. Nxh5 Kf7 65. Nf6 Kg7 66. Ne4 Kh6 67. Kg4 Be1 68. Nxg5 Kg6 69. f4 Bb4 70. Ne4 Ba3 71. Ng3 Bb4 72. Nh5 Bc3 73. f5+ Kh6 74. Ng3 Be5 75. Ne4 Bb2 76. h4 Bd4 77. Ng5 Bf6 78. Nf3 Bb2 79. Nd2 Bc1 80. Nc4 Kg7 81. Nd6 Ba3 82. Ne4 Be7 83. Ng5 Kh6 84. Ne4 Kg7 85. Nc3 Kh6 86. Nd5 Bd6 87. Nf4 Be5 88. Nd5 Bb2 89. Ne3 Bd4 90. Nd5 Bb2 91. Nc7 Be5 92. Ne6 Bc3 93. Nc5 Bd4 94. Ne4 Bb2 95. h5 Bd4 96. Nd6 Kg7 97. Ne8+ Kh6 98. f6 Bc3 99. Kh4 Be1+ 100. Kg4 Bc3 101. f7 Bb4 102. Kh4 Be7+ 103. Kg4 Bf8 104. Kf5 Kxh5 105. Kf6 Kh6 106. Nc7 Ba3 107. Nd5 Bf8 108. Ne7 Bg7+ 109. Kf5 Bf8 110. Kf6 Bg7+ 111. Ke6 Kg5 112. Nc6 Kg6 113. Ne5+ Kg5 114. Nf3+ Kg4 115. Nd4 Kg5 116. Nc6 Bf8 117. Ne7 Bg7 118. Ng8 Kg6 119. Ke7 Kf5 120. Kd7 Bf8 121. Ke8 Bg7 122. Ne7+ Kg5 123. Nc6 Kf6 124. Nd4 Bh6 125. Ne2 Ke6 126. Nf4+ Kf6 127. Nh3 Ke6 128. Nf2 Bg7 129. Ng4 Kf5 130. Nf6 Kxf6 131. f8R+ Bxf8 1/2-1/2

[Event "Villa de Gijon op 4th"]
[Site "Gijon"]
[Date "2018.07.25"]
[Round "3"]
[White "Rodriguez Lopez, Rafael"]
[Black "Reinaldo Castineira, Roi"]
[Result "0-1"]
[WhiteElo "2312"]
[BlackElo "2503"]
[PlyCount "70"]
[EventDate "2018.07.23"]
[EventType "swiss"]
[EventRounds "9"]
[EventCountry "ESP"]
[SourceTitle "CBM 185 Extra"]
[Source "ChessBase"]
[SourceDate "2018.07.29"]
[SourceVersion "1"]
[SourceVersionDate "2018.07.29"]
[SourceQuality "1"]

1. e4 c5 2. Nf3 Nc6 3. d4 cxd4 4. Nxd4 e5 5. Nb5 d6 6. N1c3 a6 7. Na3 b5 8. Nd5 Nge7 9. c4 Nxd5 10. exd5 Nd4 11. cxb5 Bd7 12. bxa6 Qa5+ 13. Bd2 Qxd5 14. Be3 Rb8 15. Nc4 Be7 16. Bxd4 exd4 17. Be2 Bc6 18. f3 Bh4+ 19. g3 Bg5 20. 0-0 0-0 21. b3 Rfe8 22. Bd3 Qc5 23. Kg2 d5 24. Nb2 Be3 25. Re1 h5 26. Qc2 Qd6 27. Nd1 Rbc8 28. Nxe3 dxe3 29. Rac1 d4 30. Qe2 h4 31. Red1 Qf6 32. Rc4 h3+ 33. Kg1 Bxf3 34. Rf1 Bxe2 35. Rxf6 Bxd3 0-1

[Event "Paz de Ziganda op 28th"]
[Site "Villava"]
[Date "2018.03.17"]
[Round "4"]
[White "Reinaldo Castineira, Roi"]
[Black "Jimenez Almeida, Luis David"]
[Result "1-0"]
[WhiteElo "2505"]
[BlackElo "2189"]
[PlyCount "97"]
[EventDate "2018.03.17"]
[EventType "swiss (rapid)"]
[EventRounds "9"]
[EventCountry "ESP"]
[SourceTitle "CBM 183 Extra"]
[Source "ChessBase"]
[SourceDate "2018.04.19"]
[SourceVersion "1"]
[SourceVersionDate "2018.04.19"]
[SourceQuality "1"]

1. Nf3 Nf6 2. c4 g6 3. g3 Bg7 4. Bg2 0-0 5. 0-0 d5 6. b3 d4 7. e3 c5 8. exd4 cxd4 9. d3 Nc6 10. Re1 Nd7 11. Nbd2 Nc5 12. Ne4 Nxe4 13. Rxe4 e5 14. Re1 Qc7 15. Rb1 a5 16. a3 Rb8 17. Qc2 b6 18. b4 axb4 19. axb4 Bb7 20. b5 Nd8 21. Ba3 Re8 22. Nxd4 Bxg2 23. Kxg2 e4 24. Nb3 Rc8 25. Nd2 Ne6 26. Nxe4 Nd4 27. Qd1 Rcd8 28. Bb2 Qb7 29. Bxd4 Rxd4 30. Qf3 Qd7 31. Rbd1 h6 32. Re3 Re6 33. Nc3 Rxe3 34. Qxe3 Bf6 35. Nd5 Bg7 36. Nxb6 Qf5 37. Nd5 Rxd5 38. cxd5 Qxd5+ 39. Qf3 Qxb5 40. Rc1 Qd7 41. Rb1 Be5 42. Rb7 Qe6 43. Qe4 Qd6 44. h4 h5 45. Rb5 Bf6 46. Rd5 Qc7 47. Qe8+ Kg7 48. Rd7 Qc6+ 49. Kh2 1-0

[Event "Paz de Ziganda op 27th"]
[Site "Villava"]
[Date "2017.03.18"]
[Round "5"]
[White "Reinaldo Castineira, Roi"]
[Black "Del Rio de Angelis, Salvador Gabriel"]
[Result "1/2-1/2"]
[WhiteElo "2474"]
[BlackElo "2514"]
[PlyCount "68"]
[EventDate "2017.03.18"]
[EventType "swiss (rapid)"]
[EventRounds "9"]
[EventCountry "ESP"]
[SourceTitle "CBM 177 Extra"]
[Source "ChessBase"]
[SourceDate "2017.04.27"]
[SourceVersion "1"]
[SourceVersionDate "2017.04.27"]
[SourceQuality "1"]

1. d4 e6 2. c4 b6 3. Nc3 Bb4 4. Nf3 Bb7 5. e3 Nf6 6. Bd3 0-0 7. 0-0 d5 8. cxd5 exd5 9. a3 Bd6 10. Ne5 c5 11. Ne2 Nc6 12. f4 Ne4 13. b3 Ne7 14. Bb2 f6 15. Bxe4 dxe4 16. Nc4 Nf5 17. Qd2 Bc7 18. a4 a6 19. Rfd1 b5 20. axb5 axb5 21. Na3 b4 22. Nc4 Qe7 23. Ng3 Nxg3 24. hxg3 Rxa1 25. Rxa1 Ra8 26. Rxa8+ Bxa8 27. dxc5 Qxc5 28. Qd7 Qc6 29. Qxc6 Bxc6 30. Bd4 Bd5 31. Nd2 Bd6 32. Kf2 h5 33. Bb6 Kf7 34. Bd4 Ke6 1/2-1/2

[Event "Euskadi-chT (Vasca) Div Honor"]
[Site "Bergara"]
[Date "2017.02.11"]
[Round "5.2"]
[White "Miguel Quintero, Francisco"]
[Black "Reinaldo Castineira, Roi"]
[Result "0-1"]
[WhiteElo "2286"]
[BlackElo "2474"]
[PlyCount "133"]
[EventDate "2017.01.14"]
[EventType "team-tourn"]
[EventRounds "9"]
[EventCountry "ESP"]
[SourceTitle "EXT 2024"]
[Source "ChessBase"]
[SourceDate "2023.10.10"]
[SourceVersion "1"]
[SourceVersionDate "2023.10.10"]
[SourceQuality "1"]

1. g3 d5 2. Bg2 Nc6 3. c4 d4 4. d3 e5 5. Nf3 Be7 6. 0-0 a5 7. Na3 Nf6 8. Nc2 0-0 9. e3 Bf5 10. e4 Bg6 11. Nh4 Nd7 12. Nxg6 fxg6 13. b3 Nc5 14. Ba3 Ne6 15. Qg4 Rf6 16. Qe2 Bxa3 17. Nxa3 Qe7 18. Nc2 Nc5 19. Rab1 Nb4 20. Ne1 Rb6 21. a3 Nc6 22. Qc2 Nd7 23. Qa2 Nc5 24. Bf3 g5 25. Be2 h6 26. Ng2 Kh7 27. h4 gxh4 28. Nxh4 Rf8 29. Kg2 Qg5 30. Nf3 Qf6 31. Qc2 Ne6 32. Qd2 Ne7 33. Rh1 Nc5 34. Bd1 Na4 35. Rh5 Nc3 36. Rb2 Ng6 37. Rf5 Qe7 38. Rxf8 Qxf8 39. b4 axb4 40. axb4 Rxb4 41. Rxb4 Qxb4 42. Nh2 Nd5 43. Qa2 Nc3 44. Qd2 Nd5 45. Qa2 Nf6 46. Ng4 Nxg4 47. Bxg4 Ne7 48. Qa8 b6 49. Qe8 Qd6 50. Bh3 Qf6 51. Qd7 Qd6 52. Qe8 Qf6 53. Qd7 c6 54. Be6 b5 55. cxb5 cxb5 56. Bb3 b4 57. Qd8 h5 58. Qb8 h4 59. Qxb4 Qg5 60. Be6 Kh6 61. Qb3 Ng6 62. Kh3 hxg3 63. fxg3 Qh5+ 64. Kg2 Qe2+ 65. Kh3 Qf1+ 66. Kh2 Qf2+ 67. Kh3 0-1